00472pab a2200133 454500008004000000100002700040245017500067260000900242300001500251362000800266650001400274700001900288773003100307180718b2008 xxu||||| |||| 00| 0 eng d aRischkowsky, Franziska aConsumer policy in a market economy: considerations from the perspective of the economics of information, the new institutional economics as well as behavioural economics c2008 ap.285-313. aSep aConsumers aDoring, Thomas aJournal of Consumer Policy